[Event "AUTO-OPEN-3584"]
[Site "http://www.queenalice.com/game.php?id=1399338"]
[Date "2015.12.18"]
[Round "1"]
[White "Rgbug"]
[Black "vindaloo"]
[Result "1-0"]
[WhiteElo "2328"]
[BlackElo "1915"]

1. e4 c5 2. Nf3 d6 3. d4 cxd4 4. Nxd4 Nc6 5. Be3 e5 6. Nb5 a6 7. N5c3 Nf6 8. f3
Be7 9. Bc4 O-O 10. Nd5 b5 11. Nxf6+ Bxf6 12. Bd5 Bb7 13. O-O Na5 14. Bxb7 Nxb7
15. Qd5 Qc7 16. Nc3 Rfd8 17. Rad1 Be7 18. Qb3 Kf8 19. Nd5 Qb8 20. Qc3 Nc5 21.
Nxe7 Kxe7 22. Bxc5 dxc5 23. Rxd8 Qxd8 24. Qxe5+ Kf8 25. Qxc5+ Kg8 26. Qd5 Qxd5
27. exd5 Rd8 28. Rd1 Rd6 29. b3 f5 30. c4 bxc4 31. bxc4 Kf7 32. c5 Rd8 33. Kf2
Kf6 34. f4 h6 35. h4 g5 36. hxg5+ hxg5 37. fxg5+ Kxg5 38. c6 Kf6 39. d6 1-0

[Event "AUTO-OPEN-3584"]
[Site "http://www.queenalice.com/game.php?id=1399363"]
[Date "2015.12.18"]
[Round "1"]
[White "Rgbug"]
[Black "Janivgm"]
[Result "1-0"]
[WhiteElo "2330"]
[BlackElo "1831"]

1. e4 e5 2. Nf3 Nf6 3. Nxe5 d6 4. Nf3 Nxe4 5. Qe2 Qe7 6. d4 Nf6 7. Bg5 Qxe2+ 8.
Bxe2 Be7 9. Nc3 Bf5 10. Bxf6 Bxf6 11. Nd5 Bd8 12. c4 O-O 13. O-O Nd7 14. Rfe1
Nf6 15. Nc3 c6 16. Rad1 Ba5 17. Bd3 Bg4 18. Re3 Rfe8 19. Rde1 Bxf3 20. gxf3 Red8
21. Re7 Rab8 22. a3 Rbc8 23. Rxb7 Bb6 24. d5 cxd5 25. Nxd5 Nxd5 26. cxd5 g6 27.
Ree7 Rf8 28. Red7 Rcd8 29. b4 h5 30. Re7 Kg7 31. a4 Rde8 32. Re4 Rxe4 33. fxe4
Rc8 34. Kf1 Rc7 35. Rxc7 Bxc7 36. Ke2 Kf6 37. a5 Ke5 38. Ke3 Bd8 39. f4+ Kf6 40.
Kd4 Bc7 41. Kc4 Ke7 42. Kb5 1-0

[Event "AUTO-OPEN-3584"]
[Site "http://www.queenalice.com/game.php?id=1399364"]
[Date "2015.12.18"]
[Round "1"]
[White "Janivgm"]
[Black "Rgbug"]
[Result "0-1"]
[WhiteElo "1833"]
[BlackElo "2329"]

1. d4 d5 2. c4 Nc6 3. Nf3 Bg4 4. cxd5 Bxf3 5. dxc6 Bxc6 6. Nc3 Nf6 7. e3 e6 8.
Bd2 Be7 9. a4 a6 10. Na2 Ne4 11. Bd3 Nxd2 12. Kxd2 Qd5 13. f3 Qa5+ 14. Ke2 Bxa4
15. b3 Bd7 16. Qc2 Bb5 17. Kf2 Bxd3 18. Qxd3 O-O 19. Nc3 Qh5 20. Ne4 Rad8 21.
Qc4 c6 22. b4 Qd5 23. Qc3 f5 24. Ng3 f4 25. e4 fxg3+ 26. hxg3 Qxd4+ 27. Qxd4
Rxd4 28. b5 cxb5 29. Rhc1 Rxe4 30. Rc7 Bf6 31. Ra2 Bd4+ 32. Kf1 Be5 33. Rxb7
Bxg3 34. Ra1 g5 35. Kg1 Re1+ 36. Rxe1 Bxe1 37. Rb6 Ra8 38. Rxe6 Bc3 39. Kf1 a5
40. Ke2 a4 41. Rc6 b4 42. Kd1 a3 0-1

[Event "AUTO-OPEN-3584"]
[Site "http://www.queenalice.com/game.php?id=1399365"]
[Date "2015.12.18"]
[Round "1"]
[White "Rgbug"]
[Black "Aspayne"]
[Result "1-0"]
[WhiteElo "2326"]
[BlackElo "1958"]

1. e4 Nf6 2. Nc3 e5 3. d3 Nc6 4. a3 Be7 5. Nf3 O-O 6. Be2 d5 7. Bg5 dxe4 8. dxe4
Nd4 9. Nxe5 Nxe2 10. Qxe2 c6 11. Rd1 Qb6 12. b4 Be6 13. O-O Rad8 14. Nf3 Qc7 15.
e5 Nd5 16. Nxd5 Bxd5 17. Bxe7 Qxe7 18. Nd4 b5 19. f4 Qc7 20. Qg4 Qb6 21. Kh1
Bxg2+ 22. Qxg2 Rxd4 23. Rxd4 Qxd4 24. Qxc6 Rd8 25. Qf3 Qc4 26. Rd1 Qc8 27. Rxd8+
Qxd8 28. Qd3 Qxd3 29. cxd3 1-0

[Event "AUTO-OPEN-3584"]
[Site "http://www.queenalice.com/game.php?id=1399366"]
[Date "2015.12.18"]
[Round "1"]
[White "Aspayne"]
[Black "Rgbug"]
[Result "0-1"]
[WhiteElo "1956"]
[BlackElo "2327"]

1. e4 e6 2. g3 d5 3. Bg2 dxe4 4. Bxe4 Nf6 5. Bg2 Bc5 6. Ne2 Ng4 7. O-O O-O 8. d4
Bd6 9. Bf4 Nc6 10. c3 Bd7 11. Bxd6 cxd6 12. Nd2 d5 13. Nc1 Nf6 14. Nd3 b6 15. f4
Rc8 16. Ne5 Ne7 17. g4 Bb5 18. Rf3 Nc6 19. Rh3 Nxe5 20. fxe5 Nd7 21. Nf3 f6 22.
Qc2 h6 23. Nh4 fxe5 24. Ng6 Rf7 25. Nxe5 Nxe5 26. dxe5 Qg5 27. a4 Ba6 0-1

[Event "Challenge"]
[Site "http://www.queenalice.com/game.php?id=1412515"]
[Date "2016.3.7"]
[Round "-"]
[White "Rgbug"]
[Black "Eduardomoreto67"]
[Result "1-0"]
[WhiteElo "2327"]
[BlackElo "2213"]

1. e4 c5 2. Nf3 Nc6 3. d4 cxd4 4. Nxd4 e5 5. Nf3 Nf6 6. Bg5 Be7 7. Bxf6 Bxf6 8.
Nc3 d6 9. h3 O-O 10. Bc4 a6 11. O-O b5 12. Bd5 Bb7 13. a3 Na5 14. Bxb7 Nxb7 15.
Qd5 Qc7 16. Rad1 Be7 17. Rd2 Rac8 18. Rfd1 Qc6 19. Qxc6 Rxc6 20. Nd5 Bd8 21. Ne3
g6 22. c3 Bb6 23. Nd5 Kg7 24. Ne1 a5 25. Nc2 Ba7 26. Kf1 f5 27. exf5 gxf5 28. g3
Rf7 29. f4 exf4 30. Nxf4 Re7 31. Nd4 Rc5 32. Nfe6+ 1-0

[Event "AUTO-ELITE-1650"]
[Site "http://www.queenalice.com/game.php?id=1413851"]
[Date "2016.3.17"]
[Round "1"]
[White "Zugswang"]
[Black "Rgbug"]
[Result "0-1"]
[WhiteElo "2225"]
[BlackElo "2324"]

1. e4 e6 2. d4 d5 3. Nd2 c5 4. c3 Qb6 5. Ngf3 Nc6 6. exd5 exd5 7. Nb3 c4 8. Nbd2
Nf6 9. Be2 Bd6 10. b3 cxb3 11. Qxb3 Qc7 12. Ba3 O-O 13. Bxd6 Qxd6 14. O-O b6 15.
Bd3 Re8 16. Rae1 Bd7 17. h3 h6 18. Qc2 Rac8 19. Rxe8+ Rxe8 20. Re1 Rxe1+ 21.
Nxe1 Nh5 22. Bf5 Nf4 23. Nef3 Bxf5 24. Qxf5 Ne2+ 25. Kh1 Nxc3 26. a3 Ne7 27. Qe5
Qxa3 28. Kh2 Nb5 29. Nb1 Qd6 30. g3 Qxe5 31. dxe5 Nc6 32. Kg2 Nbd4 33. Nxd4 Nxd4
34. Nc3 Nc6 35. f4 d4 36. Ne4 a5 37. Kf2 a4 38. Nd2 b5 39. Ke2 b4 40. Kd3 Na5
41. Kc2 a3 42. f5 Kf8 43. g4 d3+ 44. Kb1 b3 45. h4 Ke7 46. Ka1 Kd7 47. h5 Nc6
48. e6+ fxe6 49. Nxb3 exf5 50. gxf5 Nb4 51. Kb1 Kd6 52. Kc1 a2 53. Kb2 Ke5 54.
Kc3 Kxf5 55. Kxb4 d2 56. Nxd2 a1=Q 57. Nc4 Kg5 58. Kc5 Kxh5 59. Kd5 g5 60. Ke4
g4 61. Ne5 Qxe5+ 62. Kxe5 g3 63. Kf4 g2 64. Kf3 g1=Q 65. Kf4 Qg5+ 66. Kf3 Qe5
67. Kf2 Kg4 68. Kf1 Kf3 69. Kg1 Qe1+ 70. Kh2 Qg3+ 0-1

[Event "AUTO-ELITE-1650"]
[Site "http://www.queenalice.com/game.php?id=1413852"]
[Date "2016.3.17"]
[Round "1"]
[White "Rgbug"]
[Black "Zugswang"]
[Result "1/2-1/2"]
[WhiteElo "2333"]
[BlackElo "2207"]

1. e4 d6 2. d4 Nf6 3. Nc3 g6 4. Nf3 Bg4 5. Be2 Bxf3 6. Bxf3 e5 7. dxe5 dxe5 8.
Qxd8+ Kxd8 9. Bg5 Be7 10. O-O-O+ Ke8 11. Rd3 c6 12. Rhd1 h6 13. Bh4 Na6 14. Bxf6
Bxf6 15. Kb1 Rd8 16. Bg4 h5 17. Rxd8+ Bxd8 18. Bc8 Bb6 19. Bxb7 Nb8 20. f3 Ke7
21. Ne2 Rd8 22. Rxd8 Kxd8 23. Nc1 Kc7 24. Ba8 a5 25. Nd3 f6 26. c4 Na6 27. f4
Bd4 28. a3 Nc5 29. Nxc5 Bxc5 30. fxe5 fxe5 31. a4 Bg1 32. h3 Kb6 33. Kc2 g5 34.
Kc3 Bd4+ 35. Kc2 g4 36. hxg4 hxg4 37. b3 g3 38. Kd3 Kc7 39. Ke2 Kd6 40. Kf3 Bf2
41. Kg4 Kc7 42. Kf5 Bd4 43. Ke6 Bc3 44. Kf5 Bd4 45. Kg4 Bf2 46. Kf3 Be1 47. Ke3
Kb6 48. Kd3 Bf2 49. Kc3 Be1+ 50. Kb2 Bb4 51. Kc2 Be1 52. Kd1 Bf2 53. Kc2 Bg1 54.
Kc3 Bf2 55. Kc2 Be1 56. Kd1 Bf2 57. Kc2 Bg1 58. Kc3 Kc5 59. Bb7 Bf2 60. Kd3 Bg1
61. Kc2 Bf2 62. Kd2 Kb4 63. Bxc6 Kxb3 64. Bb5 Kb4 65. Ke2 Kc3 66. Kf3 Kd4 67.
Ba6 Be1 68. Bb5 Bf2 69. Ba6 Kc5 70. Kg4 Kd4 71. Kf5 Be1 72. Bb7 Bc3 73. Bd5 Kc5
74. Kg4 Kb4 75. Kxg3 Kxa4 76. Kh4 Kb4 77. c5 Kxc5 78. g4 Kd4 79. g5 Bb4 80. g6
Bf8 81. Kg5 a4 82. Kf6 a3 83. Kf5 Bg7 84. Ba2 Bh8 85. Bf7 Bg7 86. Bd5 Kd3 87.
Ba2 Kc3 88. Ke6 Kd4 89. Kf5 Kc3 90. Ke6 Kd3 91. Bb1+ Kd4 92. Kf5 Ke3 93. Ba2
1/2-1/2

[Event "AUTO-ELITE-1650"]
[Site "http://www.queenalice.com/game.php?id=1413857"]
[Date "2016.3.17"]
[Round "1"]
[White "Rgbug"]
[Black "FabioDavid"]
[Result "0-1"]
[WhiteElo "2330"]
[BlackElo "2518"]

1. e4 Nc6 2. Nf3 d6 3. d4 Nf6 4. Nc3 Bg4 5. Be2 d5 6. exd5 Nxd5 7. Nxd5 Qxd5 8.
c3 e6 9. Bf4 Bd6 10. Bxd6 cxd6 11. Qd3 e5 12. Qe3 O-O 13. dxe5 Rfe8 14. Qd2 Bxf3
15. Bxf3 Rxe5+ 16. Kd1 Qe6 17. Kc2 Qg6+ 18. Qd3 Rf5 19. Rad1 Ne5 20. Qe4 Nxf3
21. gxf3 Rxf3 22. Qxg6 Rxf2+ 23. Kb3 fxg6 24. Rxd6 Re8 25. Rd7 Rf7 26. Rhd1 Kf8
27. Kc4 Re4+ 28. Kc5 Re5+ 29. Kc4 g5 30. b4 g4 31. Rd8+ Re8 32. R1d7 Rxd8 33.
Rxd8+ Ke7 34. Rd2 h5 35. a4 Rf4+ 36. Kd5 Rf3 37. c4 h4 38. c5 g3 39. hxg3 Rxg3
40. b5 h3 41. Rh2 Rg5+ 42. Kd4 Rh5 43. Ke3 Rxc5 44. Kf3 Rc3+ 45. Kg4 Ra3 46.
Rxh3 Rxa4+ 47. Kf5 Rb4 48. Kg6 Rxb5 49. Kxg7 a5 50. Kg6 a4 51. Ra3 Ra5 52. Ra1
a3 53. Re1+ Kd6 54. Rd1+ Kc6 55. Rc1+ Rc5 56. Ra1 Rc3 57. Kf5 b5 58. Ke4 Kc5 59.
Rd1 a2 60. Ra1 Ra3 61. Rc1+ Kb4 62. Ra1 Kb3 0-1

[Event "AUTO-ELITE-1650"]
[Site "http://www.queenalice.com/game.php?id=1413858"]
[Date "2016.3.17"]
[Round "1"]
[White "FabioDavid"]
[Black "Rgbug"]
[Result "1-0"]
[WhiteElo "2528"]
[BlackElo "2336"]

1. b3 e6 2. Bb2 Nf6 3. e3 d5 4. f4 Nc6 5. Nf3 Bd6 6. Be2 O-O 7. O-O Re8 8. Ne5
Nd7 9. d4 Ndxe5 10. fxe5 Be7 11. Nc3 Bg5 12. Rf3 Rf8 13. Ba3 Be7 14. Bxe7 Qxe7
15. a3 a6 16. Bd3 h6 17. Qe1 Qg5 18. Qf2 f5 19. exf6 Rxf6 20. Rf1 Rxf3 21. Qxf3
Qe7 22. Qh5 g5 23. Qg6+ Kh8 24. Qxh6+ Kg8 25. Rf8+ 1-0

[Event "JailtonMaster"]
[Site "http://www.queenalice.com/game.php?id=1427102"]
[Date "2016.6.10"]
[Round "1"]
[White "Varela27"]
[Black "Rgbug"]
[Result "1-0"]
[WhiteElo "2116"]
[BlackElo "2329"]

1. c4 e5 2. g3 Nf6 3. a3 d5 4. cxd5 Qxd5 5. Nf3 e4 6. Nc3 Qh5 7. Nxe4 Nxe4 8.
Qa4+ Nc6 9. Qxe4+ Be7 10. Bg2 Bf5 11. Qa4 O-O 12. O-O Bd7 13. d4 Rfe8 14. Qb3
Na5 15. Qc3 Bd6 16. Ne5 Rxe5 17. Bf3 1-0

[Event "AUTO-OPEN-3584"]
[Site "http://www.queenalice.com/game.php?id=1440401"]
[Date "2016.9.9"]
[Round "2"]
[White "Rgbug"]
[Black "leduar"]
[Result "0-1"]
[WhiteElo "2324"]
[BlackElo "2246"]

1. e4 d5 2. exd5 Qxd5 3. Nc3 Qa5 4. d4 c6 5. Nf3 Nf6 6. Bd2 Qc7 7. Bc4 Bf5 8.
Ne5 e6 9. Bf4 Bd6 10. Qe2 O-O 11. O-O-O Nd5 12. Bxd5 exd5 13. Bg3 Nd7 14. Nxd7
Qxd7 15. Bxd6 Qxd6 16. Qe5 Qg6 17. Qe2 Rfe8 18. Qd2 Re6 19. f3 h5 20. h3 h4 21.
Rde1 Rae8 22. Rxe6 Rxe6 23. Qf2 Qh5 24. Ne2 Qh6+ 25. Kd1 g5 26. g3 hxg3 27. Qxg3
Bxc2+ 28. Kxc2 Rxe2+ 29. Kc3 Qg6 30. Rc1 a5 31. f4 gxf4 32. Qxf4 Qg2 33. Qg4+
Qxg4 34. hxg4 Rg2 35. Re1 Kf8 36. b4 Rg3+ 37. Kd2 Rxg4 38. Kd3 Rg3+ 39. Kc2 a4
40. Rh1 Rg2+ 41. Kb1 Kg8 42. Re1 Kg7 43. Re7 b5 44. Rc7 Rg6 45. Kc2 Re6 46. Kd3
Kg6 47. Rc8 Kf5 48. Rg8 Kf4 49. Rg7 f5 50. Rf7 Kg4 51. Rg7+ Kf3 52. Rg1 Kf2 53.
Rg5 Rf6 54. Rh5 f4 55. Rg5 f3 56. Rg4 Re6 57. Rg5 Kf1 58. Kd2 f2 59. a3 Rh6 60.
Rf5 Rh2 0-1

[Event "AUTO-OPEN-3584"]
[Site "http://www.queenalice.com/game.php?id=1440402"]
[Date "2016.9.9"]
[Round "2"]
[White "leduar"]
[Black "Rgbug"]
[Result "0-1"]
[WhiteElo "2256"]
[BlackElo "2314"]

1. b3 e5 2. Bb2 Nc6 3. e3 a6 4. c4 Nf6 5. g3 d5 6. Bg2 Be6 7. d3 Bb4+ 8. Nd2 O-O
9. a3 Be7 10. Ne2 Qd7 11. O-O Bh3 12. Nf3 Bxg2 13. Kxg2 Bd6 14. cxd5 Nxd5 15.
Qc2 f6 16. d4 exd4 17. Nexd4 Nxd4 18. Nxd4 Be5 19. Rfd1 Rfe8 20. e4 Nf4+ 21.
gxf4 Qg4+ 22. Kh1 Qxf4 23. f3 Bxd4 24. Rxd4 Qxf3+ 25. Qg2 Qxg2+ 26. Kxg2 c5 27.
Rc4 b5 28. Rxc5 Rxe4 29. Rac1 Re2+ 30. Kg3 Rxb2 31. R1c3 Ra2 32. b4 Re2 33. Rc7
Rae8 34. Kf3 Rxh2 35. Kg3 Ree2 36. Rc8+ Kf7 37. R3c7+ Kg6 38. Ra7 Reg2+ 39. Kf3
Ra2 40. Rxa6 Rh3+ 41. Ke4 Raxa3 42. Rxa3 Rxa3 43. Rc5 h5 44. Rxb5 h4 45. Rc5 h3
46. Rc2 Rb3 47. Kf4 Rxb4+ 48. Kg3 Rb3+ 49. Kh2 Kh5 50. Rf2 Kg4 51. Rc2 f5 52.
Rc4+ f4 53. Rc2 Rg3 54. Rc7 Rg2+ 55. Kh1 g5 56. Rc4 Rd2 57. Rb4 Kg3 58. Rb3+ f3
59. Rb1 Rh2+ 0-1

[Event "AUTO-OPEN-3584"]
[Site "http://www.queenalice.com/game.php?id=1468313"]
[Date "2017.3.11"]
[Round "3"]
[White "Laercio"]
[Black "Rgbug"]
[Result "0-1"]
[WhiteElo "2188"]
[BlackElo "2310"]

1. e4 e6 2. Nf3 d5 3. exd5 exd5 4. d4 Nf6 5. Nc3 Bb4 6. a3 Bxc3+ 7. bxc3 Ne4 8.
Bb2 Qe7 9. Be2 O-O 10. O-O Re8 11. Bd3 Bg4 12. Be2 Nxc3 13. Bxc3 Qxe2 14. Qxe2
Rxe2 15. Rfe1 Bxf3 16. gxf3 Rxe1+ 17. Rxe1 Nc6 18. Kg2 g5 19. Kg3 f5 20. f4 g4
21. f3 h5 22. fxg4 hxg4 23. Bb4 Nxd4 0-1

[Event "AUTO-OPEN-3584"]
[Site "http://www.queenalice.com/game.php?id=1468314"]
[Date "2017.3.11"]
[Round "3"]
[White "Rgbug"]
[Black "Laercio"]
[Result "1-0"]
[WhiteElo "2318"]
[BlackElo "2180"]

1. e4 e5 2. Nf3 Nc6 3. Bb5 d6 4. d4 a6 5. Bxc6+ bxc6 6. dxe5 Be6 7. O-O g6 8.
Bg5 Ne7 9. Bf6 Rg8 10. h3 Bg7 11. Nc3 Qd7 12. Qd3 d5 13. Rad1 dxe4 14. Qxd7+
Bxd7 15. Nxe4 Bf5 16. Rfe1 Bxe4 17. Rxe4 Nd5 18. Bxg7 Rxg7 19. Nd4 Ne7 20. Nb3
Nd5 21. Rc4 Ne7 22. Na5 Rb8 23. Nxc6 1-0

[Event "AUTO-OPEN-3584"]
[Site "http://www.queenalice.com/game.php?id=1468315"]
[Date "2017.3.11"]
[Round "3"]
[White "leduar"]
[Black "Rgbug"]
[Result "1-0"]
[WhiteElo "2284"]
[BlackElo "2312"]

1. e4 e6 2. d4 d5 3. Nd2 c5 4. c3 Nc6 5. Ngf3 cxd4 6. cxd4 Bb4 7. e5 Nge7 8. a3
Ba5 9. b4 Bb6 10. Nb3 a6 11. b5 axb5 12. Bxb5 Ba5+ 13. Bd2 Bxd2+ 14. Qxd2 O-O
15. O-O b6 16. Rfc1 Bd7 17. a4 Na7 18. Qd3 Bxb5 19. axb5 Qd7 20. Ng5 g6 21. Qh3
h5 22. g4 Kg7 23. gxh5 Rh8 24. Qf3 Nf5 25. hxg6 fxg6 26. Rc7 Rhd8 27. Rxd7+ Rxd7
28. Nxe6+ Kg8 29. Nf4 Rc8 30. Nxd5 Nxb5 31. Nf6+ Kg7 32. Nxd7 Rc3 33. Qxc3 Nxc3
34. Nxb6 Ne2+ 35. Kf1 Nexd4 36. Nxd4 Nxd4 37. Ra7+ Kf8 38. Rd7 Ne6 39. Nd5 g5
40. Ra7 Nd4 41. Kg2 Nc6 42. Rb7 Nxe5 43. Kg3 Nf7 44. Kg4 Kg8 45. Rxf7 Kxf7 46.
Kxg5 Kg7 47. f4 Kf7 48. f5 Kg7 49. h4 Kf7 50. h5 Kg7 51. f6+ Kf7 52. Kh6 Kg8 53.
Kg6 Kh8 54. Kf5 Kg8 55. Ke6 Kh7 56. f7 Kh6 57. f8=Q+ Kxh5 58. Qg8 Kh4 59. Kf5
Kh3 60. Kf4 Kh2 61. Kf3 1-0

[Event "AUTO-OPEN-3584"]
[Site "http://www.queenalice.com/game.php?id=1468316"]
[Date "2017.3.11"]
[Round "3"]
[White "Rgbug"]
[Black "leduar"]
[Result "0-1"]
[WhiteElo "2326"]
[BlackElo "2270"]

1. e4 e5 2. Nf3 Nc6 3. Bb5 a6 4. Ba4 Nf6 5. O-O b5 6. Bb3 Be7 7. d3 d6 8. Nc3
O-O 9. Bg5 h6 10. Bxf6 Bxf6 11. Bd5 Bd7 12. a3 Rb8 13. b4 Ne7 14. Bb3 c6 15. Qe2
Ng6 16. Rad1 Nf4 17. Qe3 Bg4 18. Ne2 Bg5 19. Nxf4 Bxf4 20. Qe2 Qh4 21. g3 Qh5
22. Kg2 Bh3+ 23. Kg1 Bxf1 24. Kxf1 Bg5 25. h4 Be7 26. Qe3 c5 27. c3 Qg4 28. Kg2
Qc8 29. Bd5 cxb4 30. cxb4 Qd7 31. d4 Bf6 32. dxe5 dxe5 33. Qb3 Qg4 34. Rc1 Rbc8
35. Rd1 Rc7 36. Rd3 Kh7 37. Rc3 Qc8 38. Rd3 g5 39. hxg5 hxg5 40. Rd1 Rc3 41.
Rh1+ Kg6 42. Qd1 Rh8 43. Rxh8 Qxh8 44. Qa1 Qc8 45. Qa2 Qc7 46. Qa1 g4 47. Nh2
Rc1 48. Qa2 Qc2 49. Bxf7+ Kg7 50. Qxc2 Rxc2 51. Bd5 Rc3 52. Nxg4 Rxa3 53. f4
exf4 54. gxf4 Ra4 55. e5 Bd8 56. f5 Kf8 57. f6 Rxb4 58. Kf3 a5 59. e6 Rxg4 0-1

[Event "AUTO-MASTER-2765"]
[Site "http://www.queenalice.com/game.php?id=1542220"]
[Date "2018.9.14"]
[Round "1"]
[White "Rgbug"]
[Black "cerenzo72"]
[Result "1-0"]
[WhiteElo "2312"]
[BlackElo "2180"]

1. e4 c5 2. Nf3 g6 3. c4 Nc6 4. d4 cxd4 5. Nxd4 Bg7 6. Be3 Nf6 7. f3 Qb6 8. Nf5
Qxb2 9. Nxg7+ Kf8 10. Ne6+ dxe6 11. Bh6+ Kg8 12. Nd2 Nd4 13. Rc1 Qxa2 14. Be2
Nxe2 15. Qxe2 Nd7 16. e5 Qb2 17. O-O Qxe5 18. Qd3 Qh5 19. Qe3 Qc5 20. Rfe1 Qxe3+
21. Rxe3 Nc5 22. Rd1 f5 23. Nb3 Nd7 24. Nc5 Nxc5 25. Rd8+ Kf7 26. Rxh8 a5 27.
Rf8# 1-0

[Event "AUTO-MASTER-2765"]
[Site "http://www.queenalice.com/game.php?id=1542221"]
[Date "2018.9.14"]
[Round "1"]
[White "cerenzo72"]
[Black "Rgbug"]
[Result "0-1"]
[WhiteElo "2188"]
[BlackElo "2299"]

1. d4 Nf6 2. c4 e6 3. Nf3 Bb4+ 4. Bd2 Qe7 5. a3 Bxd2+ 6. Nbxd2 c5 7. e4 d5 8. e5
Nfd7 9. Qa4 Nc6 10. cxd5 Nb6 11. Qb5 Nxd5 12. Ne4 O-O 13. Nxc5 a6 14. Qd3 f6 15.
b4 fxe5 16. dxe5 Rf5 17. g4 Nxe5 18. gxf5 Nxd3+ 0-1

[Event "AUTO-MASTER-2765"]
[Site "http://www.queenalice.com/game.php?id=1542222"]
[Date "2018.9.14"]
[Round "1"]
[White "Rgbug"]
[Black "patreszer"]
[Result "1/2-1/2"]
[WhiteElo "2320"]
[BlackElo "2062"]

1. e4 e6 2. d4 d5 3. Nc3 Nf6 4. Bg5 Be7 5. e5 Nfd7 6. Bxe7 Qxe7 7. f4 c5 8. Nb5
Na6 9. Nd6+ Kf8 10. c3 c4 11. Nf3 g6 12. g4 Nc7 13. Qd2 Ne8 14. Nxe8 Qxe8 15. g5
Kg7 16. h4 h5 17. gxh6+ Rxh6 18. Qg2 Qe7 19. Be2 b5 20. a3 Bb7 21. Kd2 Rah8 22.
Rh2 f5 23. Rg1 Nf8 24. Rgh1 Bc6 25. h5 Be8 26. Ng5 a5 27. hxg6 Rxh2 28. Rxh2
Rxh2 29. Qxh2 Bxg6 30. Qg3 b4 31. axb4 axb4 32. cxb4 Qxb4+ 33. Qc3 Qxc3+ 34.
Kxc3 Bf7 35. Bd1 Ng6 36. Bh5 Bg8 37. Bxg6 Kxg6 38. Kb4 Kh5 39. Kc5 Kg4 40. Kd6
Kxf4 41. Nxe6+ Ke4 42. Nc5+ Kxd4 43. e6 Bxe6 44. Nxe6+ Kd3 1/2-1/2

[Event "AUTO-MASTER-2765"]
[Site "http://www.queenalice.com/game.php?id=1542223"]
[Date "2018.9.14"]
[Round "1"]
[White "patreszer"]
[Black "Rgbug"]
[Result "0-1"]
[WhiteElo "2045"]
[BlackElo "2308"]

1. d4 Nf6 2. Bg5 e6 3. e4 Be7 4. Bxf6 Bxf6 5. Nf3 Nc6 6. e5 Be7 7. Bd3 d6 8.
exd6 cxd6 9. O-O O-O 10. Nbd2 f5 11. c4 e5 12. d5 Nb8 13. Bc2 Bf6 14. b4 e4 15.
Ne1 Bxa1 16. Qxa1 Nd7 17. Nb3 b6 18. Qd1 Ne5 19. Nd2 Qh4 20. f4 Ng4 21. h3 Ne3
0-1

[Event "AUTO-MASTER-2765"]
[Site "http://www.queenalice.com/game.php?id=1542224"]
[Date "2018.9.14"]
[Round "1"]
[White "Rgbug"]
[Black "AyltonChessGM"]
[Result "0-1"]
[WhiteElo "2312"]
[BlackElo "2206"]

1. e4 c5 2. Nf3 Nc6 3. d4 cxd4 4. Nxd4 e5 5. Nb3 d6 6. Nc3 a6 7. Be3 f5 8. Nd5
Be6 9. Bb6 Qc8 10. Nc7+ Kf7 11. Nxa8 Qxa8 12. exf5 Bxf5 13. Qf3 Kg6 14. Bd3 Bxd3
15. Qxd3+ Kf7 16. f4 Nf6 17. fxe5 Nxe5 18. Qd4 Be7 19. O-O Qc8 20. Qf2 Ng4 21.
Qf5 Qxf5 22. Rxf5 Rc8 0-1

[Event "AUTO-MASTER-2765"]
[Site "http://www.queenalice.com/game.php?id=1542225"]
[Date "2018.9.14"]
[Round "1"]
[White "AyltonChessGM"]
[Black "Rgbug"]
[Result "1-0"]
[WhiteElo "2241"]
[BlackElo "2297"]

1. d4 Nf6 2. c4 e6 3. Nf3 c5 4. e3 d5 5. Nc3 cxd4 6. Nxd4 Bb4 7. Qa4+ Nc6 8.
Nxc6 Bxc3+ 9. bxc3 bxc6 10. Qxc6+ Bd7 11. Qa6 O-O 12. cxd5 Nxd5 13. Qa3 Qf6 14.
Bd2 Rfc8 15. Rc1 Rc7 16. Be2 Qg5 17. O-O Nf6 18. Bf3 Rac8 19. Qb2 Qe5 20. h3 Bc6
21. Bxc6 1-0